Statistics for Countries with a Population Between 5 and 10 Million

Click here to take the quiz!

General Stats

  • This quiz has been taken 31 times
  • The average score is 18 of 29

Answer Stats

Population (millions)ContinentCountry% Correct
5.561EuropeFinland
83%
8.733EuropeSerbia
83%
5.402EuropeNorway
80%
8.608EuropeSwitzerland
77%
8.766EuropeAustria
73%
6.989EuropeBulgaria
73%
5.775EuropeDenmark
73%
9.434EuropeBelarus
70%
9.569North AmericaHonduras
70%
9.655EuropeHungary
70%
5.450EuropeSlovakia
70%
6.351North AmericaNicaragua
67%
9.682AsiaUnited Arab Emirates
67%
8.584AsiaIsrael
63%
7.064AsiaLaos
63%
5.002AsiaOman
63%
8.587OceaniaPapua New Guinea
63%
6.982South AmericaParaguay
63%
5.868AsiaSingapore
60%
9.292AsiaTajikistan
60%
6.446North AmericaEl Salvador
57%
8.186AfricaTogo
57%
5.943AsiaTurkmenistan
57%
6.219AsiaKyrgyzstan
53%
6.066AsiaLebanon
50%
5.310AfricaEritrea
43%
6.570AfricaLibya
40%
7.883AfricaSierra Leone
37%
5.542AfricaThe Republic of the Congo
37%

Score Distribution

Percentile by Number Answered

Percent of People with Each Score

Your Score History

You have not taken this quiz